00419nam a22001217a 4500020001800000082001600018245013300034250001700167260003700184300002700221563000900248650004000257 a9780128016480 a617.46bHIN aHinman's Atlas of Urologic Surgery /cEdited by Joseph A. Smith Jr., Stuart S. Howards, Glenn M. Preminger ; Roger R. Dmochowski a4th Edition. aPhiladelphia :bElsevier,c2018. a946 p. ;bill,c28 cm. aPBK. aUrogenital SystemvAtlasesxSurgery